Jazyk "reálně existujícího socialismu" v Československu roku 1988
Československé oficiálne miesta sa v roku 1988 snažili v reakcii na demokratizačný vývoj v Sovietskom zväze, Poľsku a Maďarsku uvoľňovať svoj značne konzervatívny režim. V podobnom štýle sa publikovali nové pohľady na československú históriu 20. storočia. Špičky štátov a komunistickej strany upúšťaj...
Salvato in:
| Autore principale: | |
|---|---|
| Natura: | Capitolo di libro |
| Lingua: | ceco |
| Soggetti: | |
| Tags: |
Nessun Tag, puoi essere il primo ad aggiungerne!!
|
MARC
| LEADER | 00000naa$a2200000$$$4500 | ||
|---|---|---|---|
| 001 | 0237635 | ||
| 005 | 20240502073835.9 | ||
| 041 | 0 | |a cze | |
| 044 | |a SK | ||
| 245 | 1 | 0 | |a Jazyk "reálně existujícího socialismu" v Československu roku 1988 |c Tomas Maier |
| 520 | |a Československé oficiálne miesta sa v roku 1988 snažili v reakcii na demokratizačný vývoj v Sovietskom zväze, Poľsku a Maďarsku uvoľňovať svoj značne konzervatívny režim. V podobnom štýle sa publikovali nové pohľady na československú históriu 20. storočia. Špičky štátov a komunistickej strany upúšťajú od striktných leninských termínov a pokúšajú sa používať viacej všeľudskú, humánnu slovnú zásobu. Socializmus začína byť prezentovaný nie ako pojem politický, ale ľudský. | ||
| 610 | 2 | 0 | |a politika |
| 610 | 2 | 0 | |a štát |
| 610 | 2 | 0 | |a socializmus |
| 610 | 2 | 0 | |a ideológia |
| 610 | 2 | 0 | |a história |
| 610 | 2 | 0 | |a komunikácia |
| 610 | 2 | 0 | |a Československo |
| 100 | 1 | |a Maier, Tomas, 1965- | |